Quiz di cultura generale #120 - Statistics

Statistiche generali
  • Questo quiz è stato fatto 373 volte
  • Il punteggio medio è 15 su 20
Statistiche sulle risposte
DOMANDA RISPOSTA % Corretto
La marca di auto più venduta in Italia Fiat
100%
Personaggio Disney che ha perso la scarpetta ad un ballo a corte Cenerentola
99%
Quando sei all'esterno e piove lo apri Ombrello
98%
Il suo nome sviluppato è Telefonia Italiana Mobile TIM
96%
App a pagamento che ti permette di vedere film o serie tv in streaming Netflix
95%
Solitamente vi si mettono i panni dopo esser stati lavati in lavatrice Asciugatrice
90%
Apparecchio igienico con il nome alla francese ma in Francia non c'è Bidet
88%
Chi pronunciò questa celebre frase:"Quoque tu Bruto fili mi?" Giulio/Cesare
88%
La regione in cui si trova Civitavecchia Lazio
86%
Oltre ad essere crescente la luna può anche essere.... Calante
83%
La regione in cui si trova Civitanova Marche
79%
Ha vinto lo Scudetto nell'annata 2014/2015 Juventus
77%
La capitale di Panama Panama
77%
Il nome di Arbore e Tramaglino Renzo
70%
La coppa delle nazionali del tennis maschile Davis
69%
Teoricamente è l'ultimo sacramento per i Cattolici Estrema/Unzione
65%
Il genere dell'Odissea, dell'Iliade o dell'Eneide Epico
61%
Razza canina di piccola taglia oppure uno stato del Messico Chihuahua
50%
Città sarda in cui è largamente diffuso il catalano Alghero
31%
In questo stato si trovano le cascate più alte al mondo Venezuela
18%
Nessun quiz corrispondente trovato
Distribuzione punteggi
Percentuale di utenti per punteggio
Percentile per numero di risposta
I tuoi punteggi nel tempo
Non hai fatto questo quiz